000 00541nam a2200181Ia 4500
008 100917s9999 xx 000 0 und d
082 _b32727
100 _aबोरकर लक्ष्मीदास
245 _aखूनी नंदकिशोरी
260 _bप्रिया प्रकाशन
_c1977
300 _a199
365 _b16
520 _aकथा
630 _aखूनी नंदकिशोरी
650 _aकथा
730 _aखूनी नंदकिशोरी
942 _cBOOK
999 _c638121
_d638118